|
|
|
|
| LEADER |
01148nam a22002657a 4500 |
| 001 |
41868 |
| 003 |
BD-DhAAL |
| 008 |
231127t2002 ii ||||| |||| 00| 0 ben d |
| 040 |
|
|
|a BD-DhAAL
|c BD-DhAAL
|
| 041 |
|
|
|a ben
|
| 082 |
|
|
|a 305.800973
|
| 100 |
|
|
|a শংকর,
|d ১৯৩৩-
|9 46482
|
| 245 |
|
|
|a এপার বাংলা ওপার বাংলা /
|c শংকর.
|
| 246 |
|
|
|h
|
| 264 |
|
|
|a কলকাতা :
|b বাক-সাহিত্য প্রাইভেট লিমিটেড,
|c ২০০২.
|
| 300 |
|
|
|a ৩০৫ পৃষ্ঠা ;
|c ২২ সে.মি.
|
| 526 |
|
|
|a BIED
|
| 541 |
|
|
|a Complimentary copy from BIED
|e 41868
|
| 650 |
|
|
|a Bengali (South Asian people)
|z United States.
|9 16214
|
| 650 |
|
|
|a Bengalis
|z United States.
|9 55788
|
| 650 |
|
|
|a Bengalis
|z Japan.
|9 55789
|
| 852 |
|
|
|a Ayesha Abed Library
|c BIED Collection
|
| 942 |
|
|
|2 ddc
|c BK
|
| 999 |
|
|
|c 46242
|d 46242
|
| 952 |
|
|
|0 0
|1 0
|2 ddc
|4 0
|6 305_800973000000000_SAN
|7 0
|9 74822
|a BRACUL
|b BRACUL
|c GEN
|d 2023-11-27
|e Complimentary copy from BIED
|g 70.00
|l 1
|o 305.800973 SAN
|p 3010041868
|r 2025-11-05
|s 2025-10-29
|t 1
|w 2023-11-27
|y BK
|x Transferred from BIED to General Stacks
|